IMF conditionality and country ownership of adjustment programs (Record no. 59480)

000 -LEADER
fixed length control field 00428pab a2200157 454500
008 - FIXED-LENGTH DATA ELEMENTS--GENERAL INFORMATION
fixed length control field 180718b2003 xxu||||| |||| 00| 0 eng d
100 ## - MAIN ENTRY--PERSONAL NAME
Personal name Khan, Mohsin S.
245 ## - TITLE STATEMENT
Title IMF conditionality and country ownership of adjustment programs
260 ## - PUBLICATION, DISTRIBUTION, ETC.
Date of publication, distribution, etc. 2003
300 ## - PHYSICAL DESCRIPTION
Extent p.227-48.
362 ## - DATES OF PUBLICATION AND/OR SEQUENTIAL DESIGNATION
Dates of publication and/or sequential designation Fall
650 ## - SUBJECT ADDED ENTRY--TOPICAL TERM
Topical term or geographic name entry element International Monetary Fund
700 ## - ADDED ENTRY--PERSONAL NAME
Personal name Sharma, Sunil
773 ## - HOST ITEM ENTRY
Main entry heading World Bank Research Observer
909 ## -
-- 59480
Holdings
Withdrawn status Lost status Damaged status Not for loan Permanent Location Current Location Date acquired Serial Enumeration / chronology Barcode Date last seen Price effective from Koha item type
        Indian Institute of Public Administration Indian Institute of Public Administration 2018-07-19 Volume no: 18, Issue no: 2 AR59925 2018-07-19 2018-07-19 Articles

Powered by Koha